[Event "SR 3. liga A2 2011/2012"]
[Site "?"]
[Date "2012.03.18"]
[Round "11.3"]
[White "Csefalvay, Stefan"]
[Black "Danada, Tomas"]
[Result "1-0"]
[WhiteElo "1916"]
[BlackElo "2062"]
[PlyCount "151"]
[EventDate "2011.??.??"]

1. d4 {0} Nf6 2. Nf3 g6 3. g3 Bg7 4. Bg2 O-O 5. Nc3 d6 6. O-O Nbd7 7. e4 c6 8.
e5 dxe5 9. dxe5 Ng4 10. e6 fxe6 11. h3 Ngf6 12. Qe2 Nc5 13. Be3 Qa5 14. Qc4 Na6
15. Bd4 Qb4 16. Qb3 Nd5 17. Bxg7 Kxg7 18. Ne2 Qxb3 19. axb3 Nac7 20. c3 Bd7 21.
Ne5 Be8 22. Nd3 a6 23. c4 Nf6 24. Nc5 Rb8 25. Nf4 Bf7 26. Rfe1 Rfd8 27. Nfxe6+
Bxe6 28. Nxe6+ Nxe6 29. Rxe6 Kf7 30. Rae1 Ng8 31. b4 Rd2 32. b3 Rd6 33. R6e3
Rbd8 34. b5 axb5 35. cxb5 cxb5 36. Bxb7 Rd1 37. Kf1 Rxe1+ 38. Kxe1 Nf6 39. Re5
b4 40. Rb5 Rd4 41. Ke2 Ke6 42. Ke3 Rd1 43. Rxb4 Nd5+ 44. Bxd5+ Kxd5 45. Rb7 Kd6
46. h4 Rb1 47. Kf4 Rf1 48. Kf3 Rb1 49. Kg4 Rf1 50. f4 Rg1 51. Rb8 Ke6 52. b4
Kf7 53. b5 Rb1 54. h5 gxh5+ 55. Kxh5 Kf6 56. Kg4 Rb3 57. Rb6+ e6 58. Rb8 Rb4
59. b6 Kf7 60. Kg5 Rb5+ 61. Kh6 Ke7 62. b7 Kd7 63. Rh8 Kc7 64. Rxh7+ Kb8 65.
Re7 Rb6 66. Kg5 Rb3 67. g4 Rb5+ 68. Kh4 Rb4 69. Kg5 Rb5+ 70. f5 exf5 71. gxf5
Rb2 72. f6 Rg2+ 73. Kh6 Ka7 74. f7 Rf2 75. Kg7 Rg2+ 76. Kf8 1-0

[Event "SR 3. liga A2 2011/2012"]
[Site "?"]
[Date "2012.03.18"]
[Round "11.3"]
[White "Hecko, Dusan"]
[Black "Szabo, Julius"]
[Result "1-0"]
[WhiteElo "2123"]
[BlackElo "1721"]
[PlyCount "41"]
[EventDate "2011.??.??"]

1. Nf3 {0} d5 {0} 2. d4 Nf6 3. Bf4 e6 4. e3 Nc6 5. Nbd2 Be7 6. c3 Nh5 7. Bg3
Nxg3 8. hxg3 Bd6 9. Bd3 h6 10. e4 dxe4 11. Nxe4 Ne7 12. Qe2 Bd7 13. O-O-O Bc6
14. Kb1 Nd5 15. c4 Nb4 16. d5 Bd7 17. dxe6 fxe6 18. c5 Be7 19. Ne5 Nd5 20. Qh5+
Kf8 21. Qf7# 1-0

[Event "SR 3. liga A2 2011/2012"]
[Site "?"]
[Date "2012.03.18"]
[Round "11.3"]
[White "Matus, David"]
[Black "Hanzluvka, Peter"]
[Result "0-1"]
[WhiteElo "1710"]
[BlackElo "1987"]
[PlyCount "50"]
[EventDate "2011.??.??"]

1. e4 {0} c5 2. d4 cxd4 3. c3 dxc3 4. Bc4 Qc7 5. Bb3 Nf6 6. Nxc3 d6 7. Bg5 Nbd7
8. Rc1 Qa5 9. Bd2 Qb6 10. Be3 Qb4 11. a3 Qa5 12. Qc2 e6 13. Ba4 b6 14. b4 Qh5
15. Nf3 b5 16. Bb3 Bb7 17. Qa2 Qg4 18. O-O Nxe4 19. Nxe4 Bxe4 20. h3 Qg6 21.
Nh4 Qh5 22. Bxe6 Be7 23. Bxd7+ Kxd7 24. g3 Bxh4 25. gxh4 Qf3 0-1

[Event "SR 3. liga A2 2011/2012"]
[Site "?"]
[Date "2012.03.18"]
[Round "11.3"]
[White "Skapik, Branislav"]
[Black "Kahanec, Jan"]
[Result "1-0"]
[WhiteElo "1848"]
[BlackElo "1513"]
[PlyCount "24"]
[EventDate "2011.??.??"]

1. c4 {0} e6 2. Nc3 Nf6 3. e4 Nc6 4. Nf3 Bb4 5. e5 Bxc3 6. bxc3 Ng8 7. d4 d5 8.
c5 Nge7 9. Bd3 b6 10. Ba3 a6 11. O-O Na5 12. Nd2 b5 1-0

[Event "SR 3. liga A2 2011/2012"]
[Site "?"]
[Date "2012.03.18"]
[Round "11.3"]
[White "Csoltko, Fridrich"]
[Black "Sadlon, Juraj"]
[Result "0-1"]
[WhiteElo "1315"]
[BlackElo "1860"]
[PlyCount "76"]
[EventDate "2011.??.??"]

1. d4 {0} Nf6 2. Nf3 d5 3. c4 e6 4. Nc3 Be7 5. e3 O-O 6. Bd3 dxc4 7. Bxc4 Nbd7
8. O-O Nb6 9. Bb3 c5 10. Bc2 Qc7 11. dxc5 Bxc5 12. Ne4 Nxe4 13. Bxe4 f5 14. Bd3
e5 15. Nd2 Be6 16. Qh5 Rad8 17. Be2 Bb4 18. Nf3 g6 19. Qh6 Rfe8 20. Ng5 Bd5 21.
b3 Bf8 22. Qh4 h6 23. Nf3 Qc2 24. Nxe5 Qxe2 25. Nxg6 Bg7 26. Bb2 Qxb2 27. Rac1
Qf6 28. Qg3 Qg5 29. Qxg5 hxg5 30. f3 Kh7 31. e4 fxe4 32. f4 Kxg6 33. f5+ Kf6
34. Rc7 Rd7 35. Rc3 e3 36. g4 e2 37. Re1 Bf8 38. Rh3 Bc5+ 0-1

[Event "SR 3. liga A2 2011/2012"]
[Site "?"]
[Date "2012.03.18"]
[Round "11.4"]
[White "Veselsky, Jozef"]
[Black "Bukovsky, Milan"]
[Result "1-0"]
[WhiteElo "2133"]
[BlackElo "1984"]
[PlyCount "91"]
[EventDate "2011.??.??"]

1. d4 Nf6 2. Nf3 g6 3. c4 d5 4. Nc3 Bg7 5. Bg5 Ne4 6. Bh4 Nxc3 7. bxc3 c5 8. e3
Nc6 9. Be2 O-O 10. O-O cxd4 11. cxd4 b6 12. Rc1 Bb7 13. Qa4 Rc8 14. cxd5 Qxd5
15. Ba6 Na5 16. Qb5 e6 17. Be7 Rfe8 18. Bb4 Bxa6 19. Qxa6 Qb7 20. Qb5 Nc6 21.
Bc3 Ne7 22. Bb2 Nf5 23. Rfd1 Nd6 24. Qd3 Qe4 25. Qb3 Qd5 26. Nd2 Qxb3 27. axb3
b5 28. Kf1 Bf8 29. Ke2 Nb7 30. Bc3 Ba3 31. Rc2 b4 32. Nb1 bxc3 33. Nxa3 Na5 34.
Rb1 Re7 35. Kd3 Rec7 36. Nb5 Rd7 37. Rxc3 Rxc3+ 38. Kxc3 a6 39. Na3 Rc7+ 40.
Nc4 Nc6 41. Ra1 a5 42. e4 Rd7 43. Rd1 Kf8 44. d5 exd5 45. Rxd5 Rc7 46. Rc5 1-0

[Event "SR 3. liga A2 2011/2012"]
[Site "?"]
[Date "2012.03.18"]
[Round "11.4"]
[White "Bahna, Jan"]
[Black "Darazs, Zoltan"]
[Result "0-1"]
[WhiteElo "1977"]
[BlackElo "2127"]
[PlyCount "62"]
[EventDate "2011.??.??"]

1. e4 e5 2. Nf3 Nc6 3. Bb5 a6 4. Ba4 Nf6 5. O-O Be7 6. Re1 b5 7. Bb3 O-O 8. a4
Bb7 9. d3 d6 10. Nc3 Na5 11. axb5 Nxb3 12. cxb3 axb5 13. Rxa8 Qxa8 14. Nxb5 c5
15. Nc3 Rb8 16. h3 Ba6 17. Qc2 Qb7 18. Nd2 h6 19. Re3 Nh5 20. g3 Bg5 21. Rf3
Nf6 22. h4 Bxd2 23. Qxd2 Qe7 24. Qd1 Bc8 25. Re3 Be6 26. f4 exf4 27. gxf4 Ng4
28. Rg3 Qxh4 29. Qf3 Qh2+ 30. Kf1 Qc2 31. Ne2 Nh2+ 0-1

[Event "SR 3. liga A2 2011/2012"]
[Site "?"]
[Date "2012.03.18"]
[Round "11.4"]
[White "Meszaros, Lorant"]
[Black "Halas, Miroslav"]
[Result "1-0"]
[WhiteElo "2053"]
[BlackElo "1946"]
[PlyCount "51"]
[EventDate "2011.??.??"]

1. d4 Nf6 2. c4 e6 3. g3 c5 4. d5 exd5 5. cxd5 d6 6. Nc3 a6 7. a4 Be7 8. Bg2
O-O 9. Nf3 h6 10. Nd2 Re8 11. O-O Bg4 12. h3 Bh5 13. f4 Nbd7 14. Qb3 Bf8 15. e4
Qc7 16. f5 Ne5 17. Nc4 Qe7 18. Nxe5 Qxe5 19. g4 Bxg4 20. hxg4 Nxg4 21. Bf4 Qd4+
22. Kh1 Nf2+ 23. Kh2 c4 24. Qc2 Ng4+ 25. Kh1 Ne3 26. Qf2 1-0

[Event "SR 3. liga A2 2011/2012"]
[Site "?"]
[Date "2012.03.18"]
[Round "11.4"]
[White "Krist, Milan"]
[Black "Szitasi, Janos"]
[Result "1/2-1/2"]
[WhiteElo "1990"]
[BlackElo "1996"]
[PlyCount "39"]
[EventDate "2011.??.??"]

1. c4 g6 2. d4 Bg7 3. Nc3 Nf6 4. Nf3 O-O 5. e4 d6 6. Bd3 Nbd7 7. O-O c6 8. h3
e5 9. d5 Nc5 10. Bc2 a5 11. Be3 Na6 12. a3 Qc7 13. Rc1 Nd7 14. Qd2 Rd8 15. Na4
c5 16. Nc3 b6 17. Ba4 Nf8 18. Bc6 Bb7 19. Ba4 Qe7 20. Bh6 1/2-1/2

[Event "SR 3. liga A2 2011/2012"]
[Site "?"]
[Date "2012.03.18"]
[Round "11.4"]
[White "Kalmar, Tamas"]
[Black "Puskas, Miroslav"]
[Result "1/2-1/2"]
[WhiteElo "1842"]
[BlackElo "1948"]
[PlyCount "113"]
[EventDate "2011.??.??"]

1. d4 d5 2. c4 e6 3. Nc3 Nf6 4. Bg5 c6 5. e3 Bb4 6. Qb3 Qa5 7. Bxf6 dxc4 8.
Bxc4 gxf6 9. Nf3 Bxc3+ 10. Qxc3 Qxc3+ 11. bxc3 O-O 12. O-O b6 13. a4 Ba6 14.
Nd2 Rd8 15. Rfb1 Kf8 16. Rb2 Ke7 17. Kf1 f5 18. a5 Bxc4+ 19. Nxc4 b5 20. Ne5 a6
21. c4 f6 22. Nd3 Nd7 23. c5 Ra7 24. Nb4 Nb8 25. Re1 Rad7 26. Rd2 e5 27. Red1
Ke6 28. Ke2 e4 29. d5+ Rxd5 30. Nxd5 cxd5 31. c6 Nxc6 32. Rc2 Rd6 33. Rdc1 Nxa5
34. Rc7 Nc4 35. Rxh7 d4 36. exd4 Rxd4 37. Rc2 a5 38. Rb7 b4 39. h4 e3 40. fxe3
Rxh4 41. Rb5 Re4 42. Rxc4 Rxc4 43. Rxa5 f4 44. exf4 Rxf4 45. Rb5 f5 46. Ke3 Rc4
47. Ke2 Rc2+ 48. Kd3 Rb2 49. Ke3 b3 50. Kf4 Rb1 51. Rb6+ Kd5 52. Kxf5 b2 53.
Kg5 Kc4 54. g4 Kc3 55. Rc6+ Kd4 56. Rb6 Kc5 57. Rb8 1/2-1/2

[Event "SR 3. liga A2 2011/2012"]
[Site "?"]
[Date "2012.03.18"]
[Round "11.4"]
[White "Hagara, Vladimir"]
[Black "Szekely, Stefan"]
[Result "1/2-1/2"]
[WhiteElo "1927"]
[BlackElo "1931"]
[PlyCount "20"]
[EventDate "2011.??.??"]

1. c4 d6 2. g3 Nf6 3. Nc3 g6 4. Bg2 Bg7 5. e3 Nbd7 6. Nge2 Rb8 7. O-O c5 8. b3
b6 9. Bb2 Bb7 10. f3 O-O 1/2-1/2

[Event "SR 3. liga A2 2011/2012"]
[Site "?"]
[Date "2012.03.18"]
[Round "11.4"]
[White "Vegh, Vince"]
[Black "Kolenak, Matus"]
[Result "1/2-1/2"]
[WhiteElo "1923"]
[BlackElo "1848"]
[PlyCount "160"]
[EventDate "2011.??.??"]

1. e4 c5 2. Nf3 Nc6 3. d4 cxd4 4. Nxd4 e6 5. c4 Nf6 6. Nc3 a6 7. Nxc6 dxc6 8.
Bg5 Qa5 9. Bxf6 gxf6 10. g3 h5 11. h4 Bd7 12. Bh3 O-O-O 13. Qf3 Be7 14. O-O c5
15. a3 Bc6 16. Qe2 Kb8 17. Rfb1 Rd4 18. b4 cxb4 19. axb4 Qe5 20. Bg2 f5 21. b5
axb5 22. Nxb5 Bc5 23. Nxd4 Bxd4 24. Ra3 fxe4 25. Rab3 f5 26. Kh2 Rh7 27. Qd2
Qf6 28. Qb4 e5 29. Qe1 Rg7 30. Qe2 Qg6 31. Qe1 Qe6 32. Bh3 Qf6 33. Qe2 Qg6 34.
Qe1 Qf6 35. c5 Bxc5 36. Rc1 Bd4 37. Rxc6 Qxc6 38. Bxf5 Qc2 39. Rf3 Qc7 40. Qxe4
Qc6 41. Qd3 Rf7 42. Qb3 Qc7 43. Qe6 Qc6 44. Qb3 Qc7 45. Be4 Rxf3 46. Qxf3 Qb6
47. Kg2 Qb2 48. Bg6 Ka7 49. Bxh5 e4 50. Qe2 b5 51. Qxb2 Bxb2 52. Bg6 e3 53.
fxe3 Kb6 54. Kf3 Kc5 55. Kf4 Kd6 56. e4 Be5+ 57. Kf3 Ke7 58. g4 b4 59. Ke3 b3
60. Kd3 Bg3 61. h5 Be5 62. Bf5 Kf6 63. h6 Kg5 64. h7 Kf4 65. Kd2 Bf6 66. Be6
Kxe4 67. Bxb3 Kf4 68. Be6 Kg5 69. Ke3 Kh6 70. Bf5 Kg7 71. Kf4 Kh8 72. Ke4 Bh4
73. Kd5 Bg5 74. Ke6 Bh4 75. Kf7 Bg5 76. Kg6 Bh4 77. Kh5 Bf6 78. g5 Be5 79. Kg6
Bd4 80. Kf7 Bc3 1/2-1/2

[Event "SR 3. liga A2 2011/2012"]
[Site "?"]
[Date "2012.03.18"]
[Round "11.4"]
[White "Klanica, Anton"]
[Black "Both, Lajos"]
[Result "1/2-1/2"]
[WhiteElo "1828"]
[BlackElo "1822"]
[PlyCount "170"]
[EventDate "2011.??.??"]

1. e4 c5 2. Nf3 Nc6 3. d4 cxd4 4. Nxd4 Nf6 5. f3 e5 6. Nb3 d5 7. exd5 Qxd5 8.
Qxd5 Nxd5 9. c3 Bf5 10. Bb5 Bd7 11. Bc4 Nc7 12. Be3 b6 13. N1d2 Be7 14. O-O O-O
15. Rad1 Bf5 16. Ne4 Rad8 17. Kf2 h6 18. Ke2 Be6 19. Bxe6 Nxe6 20. Rxd8 Rxd8
21. Rd1 Rxd1 22. Kxd1 f5 23. Ned2 Kf7 24. Nc4 Nc7 25. Bf2 Ke6 26. Ne3 Bf6 27.
Kc2 Ne7 28. Nd2 Ncd5 29. Nxd5 Nxd5 30. g3 h5 31. a3 g5 32. c4 Ne7 33. a4 g4 34.
a5 bxa5 35. Bxa7 Nc6 36. Bc5 gxf3 37. Nxf3 e4 38. Ng1 h4 39. b3 hxg3 40. hxg3
Be5 41. Ne2 Kf6 42. Be3 Kg6 43. Nf4+ Bxf4 44. Bxf4 Kh5 45. Kd2 Kg4 46. Ke3 Kh3
47. Bc7 Kg4 48. Bd6 Kg5 49. Bc7 Kg4 50. Bd6 Kg5 51. Bc7 Kf6 52. Kf4 Ke6 53. g4
Kd7 54. Bb6 fxg4 55. Kxe4 Ke6 56. Kf4 g3 57. Kxg3 Ke5 58. Kf2 Ke4 59. Ke2 a4
60. bxa4 Ke5 61. a5 Kd6 62. c5+ Kd7 63. Kd3 Nb8 64. Kc4 Kc6 65. Kd4 Na6 66. Kc4
Nb8 67. Bd8 Na6 68. Be7 Nc7 69. Bd6 Na6 70. Kd4 Nb4 71. Kc3 Na6 72. Kc4 Nxc5
73. Bxc5 Kc7 74. Kb5 Kb7 75. Bd6 Ka7 76. Kc6 Ka6 77. Bc7 Ka7 78. Bd8 Ka6 79.
Kd7 Ka7 80. Bc7 Kb7 81. Kd8 Ka8 82. Bd6 Kb7 83. Bb4 Ka8 84. Kc7 Ka7 85. Bc3 Ka8
1/2-1/2

[Event "SR 3. liga A2 2011/2012"]
[Site "?"]
[Date "2012.03.18"]
[Round "11.5"]
[White "Kapusta, Petr"]
[Black "Skreno, Vladimir"]
[Result "1/2-1/2"]
[WhiteElo "2158"]
[BlackElo "2178"]
[PlyCount "95"]
[EventDate "2011.??.??"]

1. e4 c5 2. Nf3 Nc6 3. d4 cxd4 4. Nxd4 e5 5. Nb5 a6 6. Nd6+ Bxd6 7. Qxd6 Qf6 8.
Qd1 Qg6 9. Nc3 Nge7 10. f3 d5 11. Nxd5 Nxd5 12. Qxd5 Be6 13. Qd2 Rd8 14. Bd3
Bc4 15. Qg5 Bxd3 16. Qxg6 hxg6 17. cxd3 Rxd3 18. Ke2 Rd7 19. Be3 Nd4+ 20. Bxd4
Rxd4 21. Rac1 Ke7 22. h3 Rhd8 23. Rc2 f5 24. exf5 gxf5 25. g4 Kf6 26. gxf5 Kxf5
27. Rg1 g5 28. Rg4 Rh8 29. Rc7 Rxh3 30. Rf7+ Ke6 31. Rxd4 exd4 32. Rxb7 Ke5 33.
Rb6 Rh2+ 34. Kd3 Rf2 35. Rxa6 Rxf3+ 36. Ke2 g4 37. b4 d3+ 38. Kd2 Kd4 39. Rd6+
Kc4 40. Rc6+ Kxb4 41. a3+ Kb5 42. Rg6 g3 43. Rg4 Ka5 44. a4 Rf2+ 45. Kxd3 Ra2
46. Ke3 Ra3+ 47. Kf4 Rxa4+ 48. Kxg3 1/2-1/2

[Event "SR 3. liga A2 2011/2012"]
[Site "?"]
[Date "2012.03.18"]
[Round "11.5"]
[White "Hertel, Ondrej"]
[Black "Strakac, Petr"]
[Result "1-0"]
[WhiteElo "2073"]
[BlackElo "2100"]
[PlyCount "100"]
[EventDate "2011.??.??"]

1. d4 f5 2. Nf3 Nf6 3. g3 e6 4. Bg2 Be7 5. O-O O-O 6. b3 d6 7. Bb2 Qe8 8. Nbd2
Qh5 9. c4 Nbd7 10. Qc2 Ng4 11. h3 Nh6 12. b4 g5 13. Nh2 g4 14. hxg4 fxg4 15. f3
Bg5 16. f4 Be7 17. e4 Qg6 18. Rac1 Nf6 19. d5 Nh5 20. Qb3 Bf6 21. Bxf6 Qxf6 22.
Qc3 Qxc3 23. Rxc3 a5 24. Ra3 Bd7 25. bxa5 exd5 26. cxd5 Bb5 27. Rc1 c6 28. e5
dxe5 29. fxe5 Nf5 30. Nxg4 Nhxg3 31. Kh2 Ne2 32. Rf1 Ned4 33. Rf4 Kg7 34. Nf6
cxd5 35. Bxd5 Rad8 36. Nde4 Ne7 37. Bxb7 Ndc6 38. a6 Nxe5 39. a7 Bc6 40. Bxc6
N7xc6 41. Nh5+ Kg6 42. Rxf8 Rxf8 43. a8=Q Rxa8 44. Rxa8 Kxh5 45. a4 Nc4 46. Ra6
Nb4 47. Ra7 Kg4 48. Rxh7 Kf5 49. Rh4 Ke5 50. Nc3 Nd5 1-0

[Event "SR 3. liga A2 2011/2012"]
[Site "?"]
[Date "2012.03.18"]
[Round "11.5"]
[White "Vepy, Ivan"]
[Black "Malar, Pavol"]
[Result "0-1"]
[WhiteElo "1948"]
[BlackElo "2102"]
[PlyCount "70"]
[EventDate "2011.??.??"]

1. e4 e6 2. d4 d5 3. exd5 exd5 4. Nf3 Bd6 5. Be2 Ne7 6. O-O O-O 7. Nc3 c6 8.
Bg5 Qc7 9. Re1 Ng6 10. Bd3 Bg4 11. h3 Be6 12. Bxg6 hxg6 13. Nh4 Re8 14. Qd3 Nd7
15. Re2 Nf8 16. Rae1 Qd7 17. a3 b6 18. Bd2 Rac8 19. f4 Bb8 20. Nd1 Qd6 21. Nf2
Red8 22. Nf3 Bf5 23. Qb3 c5 24. dxc5 bxc5 25. Ne5 Ne6 26. g4 Nd4 27. Qg3 Nxe2+
28. Rxe2 Bxc2 29. Ba5 Qa6 30. Rxc2 Qxa5 31. Qe3 Re8 32. Qb3 Bxe5 33. fxe5 Qe1+
34. Kg2 Qxe5 35. Qf3 c4 0-1

[Event "SR 3. liga A2 2011/2012"]
[Site "?"]
[Date "2012.03.18"]
[Round "11.5"]
[White "Synak, Jan"]
[Black "Pekar, Tibor"]
[Result "1/2-1/2"]
[WhiteElo "1966"]
[BlackElo "1971"]
[PlyCount "91"]
[EventDate "2011.??.??"]

1. e4 c5 2. Nf3 Nc6 3. d4 cxd4 4. Nxd4 e6 5. Be2 Bc5 6. Be3 Qb6 7. Nxc6 Bxe3 8.
fxe3 bxc6 9. Qd4 Nf6 10. Nd2 Rb8 11. b3 Qc7 12. e5 c5 13. Qf4 Nd5 14. Qg5 O-O
15. O-O h6 16. Qg3 f5 17. c4 Ne7 18. e4 Bb7 19. Bd3 f4 20. Rxf4 Rxf4 21. Qxf4
Ng6 22. Qg3 Qxe5 23. Qxe5 Nxe5 24. Bc2 Rf8 25. Rf1 Rxf1+ 26. Nxf1 Kf7 27. Ne3
a5 28. Kf2 Kf6 29. g3 g5 30. h3 h5 31. Ng2 Ng6 32. Ke3 Ke5 33. Ne1 Kf6 34. Nd3
d6 35. Bd1 h4 36. gxh4 gxh4 37. a3 Kg5 38. Bg4 Bc8 39. Kf3 Bd7 40. Ke3 Bc8 41.
Kf3 Bd7 42. Ke3 Kf6 43. Kd2 Ne5 44. Nxe5 Kxe5 45. Ke3 Bc6 46. Bf3 1/2-1/2

[Event "SR 3. liga A2 2011/2012"]
[Site "?"]
[Date "2012.03.18"]
[Round "11.5"]
[White "Kubis, Ivan"]
[Black "Peska, Juraj"]
[Result "1-0"]
[WhiteElo "2002"]
[BlackElo "1925"]
[PlyCount "61"]
[EventDate "2011.??.??"]

1. e4 e6 2. d4 d5 3. Nc3 dxe4 4. Nxe4 Nc6 5. Nf3 Be7 6. Bd3 Nf6 7. O-O O-O 8.
c3 h6 9. Re1 b6 10. Qe2 Bb7 11. Nxf6+ Bxf6 12. Qe4 g6 13. Bxh6 Bg7 14. Bxg7
Kxg7 15. Ne5 Nxe5 16. Qxe5+ Kg8 17. Re3 Qd5 18. Qg3 Qd6 19. Re5 Kg7 20. Rae1
Rad8 21. Qg5 Rde8 22. R1e3 Rh8 23. Rg3 Rh6 24. Qg4 Reh8 25. h3 c5 26. Rg5 Rh4
27. Rxg6+ fxg6 28. Qxg6+ Kf8 29. Qf6+ Ke8 30. Rg7 Re4 31. Bb5+ 1-0

[Event "SR 3. liga A2 2011/2012"]
[Site "?"]
[Date "2012.03.18"]
[Round "11.5"]
[White "Slamena, Michal"]
[Black "Hrubsa, Marian"]
[Result "1-0"]
[WhiteElo "1976"]
[BlackElo "1929"]
[PlyCount "101"]
[EventDate "2011.??.??"]

1. e4 e6 2. d4 d5 3. Nd2 Nf6 4. e5 Nfd7 5. Bd3 c5 6. c3 Nc6 7. Ne2 cxd4 8. cxd4
f6 9. exf6 Nxf6 10. O-O Bd6 11. Nf3 O-O 12. Re1 e5 13. dxe5 Nxe5 14. Nxe5 Bxe5
15. Qb3 Ng4 16. Ng3 Qf6 17. Re2 Be6 18. Qc2 Qh4 19. h3 Nxf2 20. Nf5 Bxf5 21.
Bxf5 Ne4 22. Bxe4 dxe4 23. Qc4+ Kh8 24. Qxe4 Bd4+ 25. Kh2 Qf6 26. Bg5 Qd6+ 27.
Kh1 Bb6 28. Be7 Qg3 29. Bxf8 Rxf8 30. Qe5 Qg6 31. Qe7 Rc8 32. Qxb7 Rf8 33. Qe4
Qd6 34. Qe7 Qf4 35. Rae1 Bc7 36. Qxf8+ Qxf8 37. Re8 Kg8 38. Rxf8+ Kxf8 39. g4
Kf7 40. Kg2 Kf6 41. Kf3 Be5 42. b4 Bc3 43. Rb1 Ke5 44. b5 Bd4 45. a4 Bb6 46.
Re1+ Kd5 47. Re7 Bd4 48. Rd7+ Kc5 49. Ke4 Bf6 50. Rxa7 Kb6 51. Ra6+ 1-0

[Event "SR 3. liga A2 2011/2012"]
[Site "?"]
[Date "2012.03.18"]
[Round "11.5"]
[White "Vogl, Zdenek"]
[Black "Gajarsky, Roman"]
[Result "1-0"]
[WhiteElo "1928"]
[BlackElo "1915"]
[PlyCount "35"]
[EventDate "2011.??.??"]

1. e4 e6 2. d4 d5 3. Nc3 f5 4. exf5 exf5 5. Qh5+ g6 6. Qe2+ Kf7 7. Qe5 Nf6 8.
Bg5 Bb4 9. Bxf6 Bxc3+ 10. bxc3 Qxf6 11. Qxd5+ Kg7 12. Bd3 Re8+ 13. Ne2 c6 14.
Qf3 Be6 15. O-O Bd5 16. Qg3 Re7 17. Nf4 Nd7 18. Nh5+ 1-0

[Event "SR 3. liga A2 2011/2012"]
[Site "?"]
[Date "2012.03.18"]
[Round "11.5"]
[White "Barca, Michal"]
[Black "Planka, Peter"]
[Result "1-0"]
[WhiteElo "1835"]
[BlackElo "1831"]
[PlyCount "95"]
[EventDate "2011.??.??"]

1. c4 Nf6 2. Nc3 e5 3. Nf3 d6 4. g3 Be7 5. d4 exd4 6. Nxd4 O-O 7. Bg2 Nbd7 8.
O-O Nc5 9. e4 Ne6 10. f4 c6 11. b3 Nxd4 12. Qxd4 Nd7 13. Bb2 Qb6 14. Qxb6 Nxb6
15. Rad1 Bg4 16. Rd2 f6 17. Ba3 Rad8 18. h3 Be6 19. Rfd1 Bxc4 20. Bxd6 Bxd6 21.
Rxd6 Rxd6 22. Rxd6 Ba6 23. h4 Re8 24. Kf2 Kf7 25. Bh3 Ke7 26. Re6+ Kd8 27. Ke3
Rxe6 28. Bxe6 Ke7 29. Bh3 Kd6 30. Kd4 c5+ 31. Ke3 Ke7 32. e5 fxe5 33. fxe5 Nd7
34. Nd5+ Kd8 35. e6 Nf6 36. Nc3 b6 37. g4 Bb7 38. Kf4 Ke7 39. Ke5 h6 40. Nb5 a6
41. Nd6 Bf3 42. g5 Ng4+ 43. Bxg4 Bxg4 44. Nc8+ Ke8 45. Nxb6 hxg5 46. hxg5 Be2
47. Kd6 Bg4 48. Nd5 1-0

[Event "SR 3. liga A2 2011/2012"]
[Site "?"]
[Date "2012.03.18"]
[Round "11.6"]
[White "Sebesta, Radovan"]
[Black "Manak, Jozef"]
[Result "1/2-1/2"]
[WhiteElo "2069"]
[BlackElo "2053"]
[PlyCount "41"]
[EventDate "2011.??.??"]

1. d4 Nf6 2. c4 e6 3. Nc3 d5 4. cxd5 Nxd5 5. e4 Nxc3 6. bxc3 c5 7. Nf3 cxd4 8.
cxd4 Bb4+ 9. Bd2 Qa5 10. Bxb4 Qxb4+ 11. Qd2 Qxd2+ 12. Kxd2 O-O 13. Be2 b6 14.
Rac1 Bb7 15. Ke3 Nc6 16. Rc3 Rac8 17. Rhc1 Na5 18. Rxc8 Rxc8 19. Rxc8+ Bxc8 20.
Ne5 Kf8 21. Nc4 1/2-1/2

[Event "SR 3. liga A2 2011/2012"]
[Site "?"]
[Date "2012.03.18"]
[Round "11.6"]
[White "Mihalik, Anton"]
[Black "Palka, Miroslav"]
[Result "1-0"]
[WhiteElo "1965"]
[BlackElo "1953"]
[PlyCount "49"]
[EventDate "2011.??.??"]

1. c4 e5 2. Nc3 Bc5 3. Nf3 Nc6 4. e3 a6 5. a3 Nf6 6. b4 Ba7 7. Bb2 d6 8. Be2
O-O 9. O-O Be6 10. d4 exd4 11. exd4 d5 12. c5 Ne7 13. Ne5 c6 14. Bd3 Qc7 15.
Qc2 h6 16. Ne2 Ng4 17. Ng3 Rae8 18. Rae1 Nxe5 19. dxe5 Bb8 20. f4 Kh8 21. f5
Bc8 22. f6 gxf6 23. Rxf6 Ng8 24. e6 Nxf6 25. Bxf6+ 1-0

[Event "SR 3. liga A2 2011/2012"]
[Site "?"]
[Date "2012.03.18"]
[Round "11.6"]
[White "Palka, Martin"]
[Black "Manak, Adrian"]
[Result "0-1"]
[WhiteElo "1876"]
[BlackElo "1931"]
[PlyCount "90"]
[EventDate "2011.??.??"]

1. e4 g6 2. d4 Bg7 3. Nc3 c6 4. Be3 d5 5. Nf3 dxe4 6. Nxe4 Nf6 7. Nxf6+ exf6 8.
Qd2 O-O 9. Be2 h5 10. O-O Re8 11. c4 Nd7 12. Rfe1 f5 13. Rad1 Nf6 14. Qc1 Qa5
15. a3 Be6 16. h3 Rad8 17. b4 Qc7 18. Bf4 Qc8 19. Be5 a6 20. Ng5 Ne4 21. Nxe4
fxe4 22. Bxg7 Kxg7 23. Qg5 f6 24. Qg3 Kf7 25. a4 Rd7 26. b5 axb5 27. axb5 cxb5
28. d5 Bf5 29. cxb5 Qc5 30. Rc1 Qd6 31. Qb3 Kg7 32. Red1 Rde7 33. b6 e3 34. Bf3
exf2+ 35. Kxf2 Bxh3 36. Rc7 Bg4 37. Re1 Rxc7 38. Rxe8 Rc1 39. Qe3 Rc2+ 40. Kg1
Bxf3 41. Qxf3 Rc1+ 42. Kf2 Qxb6+ 43. Kg3 Qc7+ 44. Kf2 Qc5+ 45. Ke2 Qb5+ 0-1

[Event "SR 3. liga A2 2011/2012"]
[Site "?"]
[Date "2012.03.18"]
[Round "11.6"]
[White "Nemsak, Denis"]
[Black "Gasa, Patrik"]
[Result "0-1"]
[WhiteElo "1916"]
[BlackElo "1727"]
[PlyCount "60"]
[EventDate "2011.??.??"]

1. e4 c5 2. c4 g6 3. Nc3 Bg7 4. g3 e6 5. Bg2 Ne7 6. Nge2 O-O 7. O-O Nbc6 8. d3
d6 9. Be3 Rb8 10. Rb1 a6 11. a4 b6 12. Qd2 Re8 13. b3 Qc7 14. d4 e5 15. dxe5
dxe5 16. f4 Bg4 17. fxe5 Rbd8 18. Nd5 Nxd5 19. exd5 Nxe5 20. Nc3 Nxc4 21. bxc4
Rxe3 22. d6 Qxd6 23. Nd5 Re2 24. Qg5 Be6 25. Rxb6 Bd4+ 26. Kh1 Bxd5 27. Qxd5
Qxb6 28. Qxf7+ Kh8 29. Bd5 Qd6 30. Rb1 Re7 0-1

[Event "SR 3. liga A2 2011/2012"]
[Site "?"]
[Date "2012.03.18"]
[Round "11.6"]
[White "Skapikova, Lubica"]
[Black "Curidlo, Jan"]
[Result "0-1"]
[WhiteElo "1867"]
[BlackElo "1851"]
[PlyCount "110"]
[EventDate "2011.??.??"]

1. e4 c5 2. Nf3 e6 3. d4 cxd4 4. Nxd4 a6 5. Be3 Nf6 6. f3 Qc7 7. Nd2 Be7 8. c4
Nc6 9. Be2 O-O 10. O-O d5 11. cxd5 exd5 12. Rc1 Bd6 13. Nxc6 bxc6 14. f4 dxe4
15. Qc2 Nd5 16. Bc5 Bxc5+ 17. Qxc5 Nxf4 18. Bc4 Nd3 19. Bxd3 exd3 20. Rf3 Rd8
21. Re1 Be6 22. b3 Rd5 23. Qc3 Rad8 24. Rg3 g6 25. Ne4 Qb6+ 26. Kh1 Qd4 27.
Nf6+ Kg7 28. Nxd5 Rxd5 29. Rxd3 Qxc3 30. Rxc3 Rd2 31. a4 Bd5 32. Rg1 Rb2 33. h3
h5 34. h4 f6 35. Kh2 g5 36. Kg3 Kg6 37. a5 Kf7 38. hxg5 fxg5 39. Rf1+ Kg6 40.
Rff3 h4+ 41. Kh3 Rxg2 42. Kxg2 g4 43. Kf2 Bxf3 44. Rc5 Bd5 45. b4 g3+ 46. Kg1
Be4 47. Rc3 Kf5 48. Rc5+ Kf4 49. Rh5 Kg4 50. Re5 Bf5 51. Rc5 h3 52. Rc4+ Kf3
53. Rxc6 h2+ 54. Kh1 Be4 55. Re6 Kf2+ 0-1

[Event "SR 3. liga A2 2011/2012"]
[Site "?"]
[Date "2012.03.18"]
[Round "11.6"]
[White "Sedlak, Rastislav"]
[Black "Zisek, Jaroslav"]
[Result "1-0"]
[WhiteElo "1610"]
[BlackElo "1860"]
[PlyCount "27"]
[EventDate "2011.??.??"]

1. e4 c5 2. Nf3 d6 3. d4 cxd4 4. Nxd4 Nf6 5. Nc3 a6 6. Bd3 e6 7. O-O Nbd7 8.
Bg5 Be7 9. a3 b5 10. b4 Qc7 11. Qd2 h6 12. Bh4 Nxe4 13. Bxe4 d5 14. Bxd5 1-0

[Event "SR 3. liga A2 2011/2012"]
[Site "?"]
[Date "2012.03.18"]
[Round "11.6"]
[White "Fidericky, Milan"]
[Black "Oravec, Pavol"]
[Result "1-0"]
[WhiteElo "1843"]
[BlackElo "1528"]
[PlyCount "69"]
[EventDate "2011.??.??"]

1. d4 e6 2. c4 d5 3. Nc3 c6 4. e4 Nf6 5. Bg5 Be7 6. e5 Nfd7 7. Bxe7 Qxe7 8. f4
Qb4 9. Qb3 Qxb3 10. axb3 Na6 11. Nf3 Nb4 12. Kd2 b6 13. Na2 Nxa2 14. Rxa2 Bb7
15. b4 Ke7 16. c5 b5 17. Bd3 a6 18. Ke3 Nf8 19. b3 Ng6 20. g4 Kd7 21. f5 Ne7
22. Ng5 exf5 23. Nxf7 fxg4 24. Nxh8 Rxh8 25. Rf2 Ke8 26. Rhf1 Bc8 27. Rf7 g6
28. R7f6 Bd7 29. e6 Bc8 30. R1f4 h5 31. Bxg6+ Nxg6 32. Rxg6 Rf8 33. Rh6 Rxf4
34. Kxf4 Ke7 35. Ke5 1-0